| 000 | 00905nas a2200289 4500 | ||
|---|---|---|---|
| 001 | BR9202797 | ||
| 003 | BR-BrBNA | ||
| 005 | 20231205092545.0 | ||
| 007 | ta | ||
| 008 | 230509b bl.|||p| |||| 00| 00por d | ||
| 040 |
_aBR-BrBNA _bpor _cBiblioteca Nacional de Agricultura |
||
| 041 | _a(Pt) | ||
| 072 | _aF03 | ||
| 100 | 1 | _aAlizaga L., R. | |
| 100 | 1 | _aMello, V.D.C. | |
| 100 | 1 | _aSantos, D.S.B. dos | |
| 100 | 1 | _aIrigon, D.L. | |
| 245 | 1 | _aAvaliacao de testes de vigor em sementes de feijao e suas relacoes com a emergencia a campo | |
| 246 | 1 | _aRelationship of vigor tests in bean seeds to seedling emergence | |
| 650 | _aFEIJAO | ||
| 650 | _aSEMENTE | ||
| 650 | _aTESTE DE VIGOR | ||
| 650 | _aEMERGENCIA | ||
| 773 | 0 |
_tRevista Brasileira de Sementes (Brazil) _xISSN 0101-3122 _g(1990), v. 12(2) p. 44-58 _wBR9202797 |
|
| 909 |
_a202311 _bLúcia _c55 _dLúcia Elande |
||
| 942 |
_2AGRIS _n0 _cANA |
||
| 999 |
_c132500 _d132500 |
||